|
|
|
|
| LEADER |
00786nam a22002532a 4500 |
| 001 |
000840094 |
| 003 |
CZ BrMZK |
| 005 |
20070201133335.0 |
| 007 |
ta |
| 008 |
070201s1986 xr er|||||||||||rus d |
| 040 |
|
|
|a BOA001
|b cze
|
| 041 |
1 |
|
|a rus
|h cze
|
| 080 |
9 |
|
|a 612+616-053.31
|
| 245 |
0 |
0 |
|a Fiziologija i patologija novoroždennych detej /
|c Karel Polaček ... [et al.]
|
| 260 |
|
|
|a Praga :
|b Avicenum,
|c 1986
|
| 300 |
|
|
|a 450 s.
|
| 500 |
|
|
|a Přeloženo z češtiny
|
| 504 |
|
|
|a Obsahuje bibliografie
|
| 700 |
1 |
|
|a Poláček, Karel,
|d 1910-2005
|7 jk01100137
|4 aut
|
| 910 |
|
|
|a BOA001
|b 2-0921.204
|
| 964 |
|
|
|a Novorozenci - fyziologie - patologie
|
| 990 |
|
|
|a BK
|
| 991 |
|
|
|b 200701
|
| 996 |
6 |
|
|b 2619331460
|c 2-0921.204
|l MZK
|r Sklad / do 1 hodiny
|n 0
|w 000840094
|u 000010
|a 1
|e BOA001
|j MZK50
|s P
|